000 01049nam a2200265 i 4500
001 bg
100 1 _aMAC, Stanisław
245 1 0 _aElektrotechnika samochodowa /
_cStanisław Mac.
250 _aWyd. 10.
260 _aWarszawa :
_bWydawnictwa Szkolne i Pedagogiczne,
_c1999.
300 _a156, [2] s., [1] k. tabl. złoż. :
_bfot., rys. ;
_c21 cm.
504 _aBibliogr. s. [158].
521 _aPodręcznik dla zasadniczej szkoły zawodowej, kl. II, zawód mechanik pojazdów samochodowych, monter pojazdów samochodowych i ciągników oraz kl. III liceów zawodowych.
650 9 _aSamochody
_xelektrotechnika
655 _aPodręczniki dla szkół zawodowych
015 _aPB 11554/99
020 _a830204816X
040 _cBPK
041 0 _apol
080 _a629.33:621.3](075.3)
920 _a83-02-04816-X
942 _cKS
008 s pl f |000 0 pol
999 _c51630
_d51630
856 _uhttp://koha.tu.koszalin.pl/cgi-bin/koha/opac-detail.pl?biblionumber=51630
_yKatalog online BPK